000 01073nmm a2200325 a 4500
001 ocm000580563
003 TR-IsHL
005 20201028120812.0
008 130627s2008 tu tur
007 cr cn
020 _a9789759086336
035 _a580563
_b(N$T)
050 0 4 _aDR603
_b.Ç55 2008
090 0 4 _aDR603
_b.Ç55 2008
100 1 _aÇiloğlu, İlhan
245 1 0 _aAsker ve vatan
_h[electronic resource] /
_cİlhan Çiloğlu
250 _a1. bs.
260 _aİstanbul :
_bToplumsal Dönüşüm Yayınları,
_c2008
300 _a232 p.
650 4 _aAskeri Bilimler
650 4 _aMilitary Sciences
650 0 _aAskeri Bilimler
650 0 _aMilitary Sciences
650 0 _aAskeri sanat ve bilim
_x Türkiye
_x Tarih
650 0 _aMilitary art and science
_xTurkey
_xHistory
650 0 _aTurkey
_xPolitics and government , 1980-
650 0 _aTürkiye - Siyaset ve yönetim, 1980 -
650 7 _aHISTORY / Military / General
_2bisacsh
856 4 0 _uhttp://search.ebscohost.com/login.aspx?direct=true&scope=site&db=e011xww&AN=580563
999 _c981
_d981